000 00806nam a2200205 a 4500
003 0
005 20250310161332.0
008 090507s19uu xx uuu eng d
050 _aPGS LB 1050.46.S35
_b.Al411 2008
100 _aAliño, Maria Katrina.
245 _aThe reading ability and academic performance in science of grade 4 students /
_cMaria Katrina Aliño.
260 _aLas Piñas City, Philippines :
_bSouthville International School and Colleges,
_c2008.
300 _a23 pages :
_billustrations ;
_c28 cm.
504 _aIncludes bibliographical references.
650 _aReading comprehension
_vAbility testing.
650 _aAcademic achievement
_vEvaluation.
650 _aScience
_vStudy and teaching (Elementary).
650 _aFourth grade (Education).
942 _2lcc
_cPASS
999 _c98148
_d98148